Che cos'è l'e-learning (Record n. 89900)

Dettagli MARC
000 -LEADER
fixed length control field 02079nam a2200313Ia 4500
001 - CONTROL NUMBER
control field H0747
003 - CONTROL NUMBER IDENTIFIER
control field IT-RoPAU
008 - FIXED-LENGTH DATA ELEMENTS--GENERAL INFORMATION
fixed length control field 130308s9999 xx 000 0 und d
040 ## - CATALOGING SOURCE
Original cataloging agency IT-RoPAU
040 ## - CATALOGING SOURCE
Transcribing agency IT-RoPAU
041 ## - LANGUAGE CODE
Language code of text/sound track or separate title ITALIANO
100 ## - MAIN ENTRY--PERSONAL NAME
Personal name AA.VV.
100 ## - MAIN ENTRY--PERSONAL NAME
Miscellaneous information Codice Aut. SPICS: 12000
245 ## - TITLE STATEMENT
Title Che cos'è l'e-learning
245 ## - TITLE STATEMENT
Remainder of title Che Cos'E' L'E-Learning
250 ## - EDITION STATEMENT
Edition statement 1a ed.
260 ## - PUBLICATION, DISTRIBUTION, ETC. (IMPRINT)
Place of publication, distribution, etc. ROMA
260 ## - PUBLICATION, DISTRIBUTION, ETC. (IMPRINT)
Name of publisher, distributor, etc. Carocci
260 ## - PUBLICATION, DISTRIBUTION, ETC. (IMPRINT)
Date of publication, distribution, etc. 2002 [1° Ed.:2002 - Ed.Ling.Originale:2002]
300 ## - PHYSICAL DESCRIPTION
Extent "144 p. (prefazione: no ; testo: 144 [pagine: 0-0])"
500 ## - GENERAL NOTE
General note "Autori dei vari Articoli: Paolo Chighine, Carmen Pisani e Antonella Giuliapizzaleo. Introduzione del curatore Valerio Eletti. Storia della Formazione a Distanza: Fad (Formazione a Distanza) di Prima, seconda e Terza Generazione; Formazione nella tv Pubblica Italiana. teorie Alla Base dell'Apprendimento: per una Definizione di Apprendimento; Comportamentismo; Cognitivismo; Costruttivismo; cooperative learning e Instructional System Design; Andragogia; Diversi Tipi di Apprendimento. Tecniche e Definizioni di Base: Autoapprendimento, Teledidattica; e Learning: Ambiente integrato di Formazione in Rete. Storia dell'arte e I Trend Attuali: Centralità Dello Studente Oggi; Trend: Adattabilità e Micromondi. mercato dell'E Learning: Elementi Chiave; linee Generali di Sviluppo; mercato Corporate: Richiesta delle Aziende Private; mercato Educational e le Virtual University; mercato della Pubblica Amministrazione. nuove figure Professionali: nella fase Decisionale; nella Progettazione; nella Produzione; nell'Erogazione; nella fase di Valutazione. Appendice: un Caso di Studio: Sfera: Chi, Cosa, Come, Dove, Quando e Perche'; messa a Punto dell'E e Learning; Applicazione dell'E e Learning: un Caso di Studio; Trend di Sviluppo: la Vision dell'Amministratore Delegato. Bibliografia."
650 ## - SUBJECT ADDED ENTRY--TOPICAL TERM
Topical term or geographic name as entry element ISTRUZIONE PROGRAMMATA
650 ## - SUBJECT ADDED ENTRY--TOPICAL TERM
Relator term Codice materia Spics: 4003
700 ## - ADDED ENTRY--PERSONAL NAME
Personal name Eletti Valerio
700 ## - ADDED ENTRY--PERSONAL NAME
Miscellaneous information Codice Aut. SPICS: 55064
942 ## - ADDED ENTRY ELEMENTS (KOHA)
Koha item type LIBRO
957 ## -
-- 1
999 ## - SYSTEM CONTROL NUMBERS (KOHA)
-- 1
Dati di copia
Withdrawn status Lost status Damaged status Not for loan Home library Current library Date acquired Total Checkouts Full call number Date last seen Price effective from Koha item type Public note
    Buone Condizioni Not For Loan SPICS-MEDIATECA SPICS-MEDIATECA 08/03/2013   H0747 08/03/2013 08/03/2013 LIBRO Progressivo inserimento: 18501 / N. Volumi: 1 Copie: 1 / data import: 1 marzo 2013 - By Epidotti, Trombetti, Vaglietti.
CREDITS: SOCIETA' SAN PAOLO Via A.Severo, 58 - ROMA (RM) & PERIODICI SAN PAOLO SRL Via Giotto, 36 MILANO & CISF Via Giotto, 36 MILANO & EDIZIONI SAN PAOLO SRL,  Piazza Soncino, 5 CINISELLO BALSAMO (MI) -- ITALY